zpět

Detail výsledku týmu

Centrum Kosatec, Pardubice

Datum a čas kvízu

26 Celkem bodů Celkový počet nahraných bodů na tomto kvízu bez doplňovacích otázek.
9. Pořadí na kvízu Konečné umístění týmu na tomto kvízu.

Zaznamenané odpovědi

# Otázka Odpověď Body Výsledky
1. Návštěvníci Pražského hradu mo... C) včelín 1
2. Kolumbijský parlament odhlasov... D) býčích zápasů 1
3. Jednu miliardu dolarů. Tolik j... Queen 0
4. Minulý týden oznámili organizá... v Ženevě 0
5. V pondělí se v anglickém Brock... sýr 1
6. Kterým výrazem na písmeno M se... mixologie 0
7. Ernest Hemingway měl údajně v... Daiquiri 0
8. Oblíbenou složkou míchaných ná... z pomerančů 0
9. Ve filmu Někdo to rád horké se... Manhattan 1
10. V poslední otázce se podíváme... Semafor 0